<?xml version="1.0" encoding="UTF-8"?>
<collection xmlns="http://www.loc.gov/MARC21/slim">
 <record>
  <leader>03938ntm a22005057i 4500</leader>
  <controlfield tag="001">000714060</controlfield>
  <controlfield tag="003">CZ-PrVSE</controlfield>
  <controlfield tag="005">20240615111821.0</controlfield>
  <controlfield tag="006">m        d</controlfield>
  <controlfield tag="007">cr n||||||||||</controlfield>
  <controlfield tag="008">240615s2024    xr     fsbm   000 0 cze d</controlfield>
  <datafield tag="STA" ind1=" " ind2=" ">
   <subfield code="a">NEZPRACOVANÝ IMPORT</subfield>
  </datafield>
  <datafield tag="040" ind1=" " ind2=" ">
   <subfield code="a">ABA006</subfield>
   <subfield code="b">cze</subfield>
   <subfield code="c">ABA006</subfield>
   <subfield code="d">ABA006</subfield>
   <subfield code="e">rda</subfield>
  </datafield>
  <datafield tag="100" ind1="1" ind2=" ">
   <subfield code="a">Bobák, Daniel</subfield>
   <subfield code="%">ISIS:162073</subfield>
   <subfield code="4">dis</subfield>
  </datafield>
  <datafield tag="242" ind1="1" ind2="0">
   <subfield code="a">Usability of ChatGPT for searching for information sources</subfield>
   <subfield code="y">eng</subfield>
  </datafield>
  <datafield tag="245" ind1="1" ind2="0">
   <subfield code="a">Využitelnost ChatGPT pro vyhledávání informačních zdrojů /</subfield>
   <subfield code="c">Daniel Bobák</subfield>
  </datafield>
  <datafield tag="264" ind1=" " ind2="0">
   <subfield code="c">2024</subfield>
  </datafield>
  <datafield tag="300" ind1=" " ind2=" ">
   <subfield code="a">?? stran :</subfield>
   <subfield code="3">digital, PDF soubor</subfield>
  </datafield>
  <datafield tag="500" ind1=" " ind2=" ">
   <subfield code="a">Vedoucí práce: Vilém Sklenák</subfield>
  </datafield>
  <datafield tag="502" ind1=" " ind2=" ">
   <subfield code="a">Bakalářská práce (Bc.)—Vysoká škola ekonomická v Praze. Fakulta informatiky a statistiky, 2024</subfield>
  </datafield>
  <datafield tag="504" ind1=" " ind2=" ">
   <subfield code="a">Obsahuje bibliografii</subfield>
  </datafield>
  <datafield tag="516" ind1=" " ind2=" ">
   <subfield code="a">Textový (vysokoškolská kvalifikační práce)</subfield>
  </datafield>
  <datafield tag="518" ind1=" " ind2=" ">
   <subfield code="a">Rok obhajoby 2024</subfield>
  </datafield>
  <datafield tag="520" ind1="3" ind2=" ">
   <subfield code="a">Informační zdroje v rámci internetu jsou velice proměnlivé. Aktivně internet používá veliké procento světové populace. Díky tomu existuje v jeho rámci obrovské množství dohledatelných informačních zdrojů. Umění správného vyhledávání informací nebylo nikdy relevantnější. V tomto ohledu se v poslední době šíří používání umělé inteligence, konkrétně nástroje ChatGPT. Velké množství běžných uživatelů používá výstupy tohoto chatbota pro pokrytí svých informačních potřeb. Často dochází k přímému přejímání výstupů tohoto nástroje pro potřebné nabytí informací. Na základě vlastních zkušeností s tím, jak časově náročný může být proces vyhledávání pramenů, si pokládám otázku, jestli je možné využít ChatGPT pro urychlení zmíněného procesu. Hlavním cílem práce je konkrétně vyhodnotit, jak kvalitní jsou zdroje poskytnuté tímto chatbotem pro účely rešerše. Kromě tohoto hlavního cíle, vyhodnocuji v této práci i tři stanovené hypotézy, které souhrnně odráží mé domněnky o vztahu aktuálnosti zdrojů vzhledem k tématům, jejich odbornosti a formátu. Pro získání potřebného kontextu jsem provedl odbornou rešerši existující literatury. V teoretické části shrnuji pohledy na definici, hlavní oblasti oboru umělé inteligence a klíčové etapy jejího vývoje a následně se v této části zaměřuji na oblast zpracování přirozeného jazyka (NLP). Opět jsem zde zpracoval přehled o historii NLP, oblastech jeho nasazení a stručně charakterizuji techniky a komponenty, jenž považuji za zásadní. V praktické části přistupuji k otestování zdrojů poskytnutých prostřednictvím nástroje ChatGPT. Tyto zdroje jsem získal dotazováním se na prameny pro několik tokenových témat, které jsem si stanovil. Sběr zdrojů jsem provedl dvakrát pro posouzení případných vlivů časového odstupu. U všech těchto zdrojů jsem</subfield>
  </datafield>
  <datafield tag="538" ind1=" " ind2=" ">
   <subfield code="a">Způsob přístupu: Internet</subfield>
  </datafield>
  <datafield tag="653" ind1="0" ind2=" ">
   <subfield code="a">informační média a služby [obor bakal. práce]</subfield>
  </datafield>
  <datafield tag="655" ind1=" " ind2="7">
   <subfield code="a">bakalářské práce</subfield>
   <subfield code="7">fd132403</subfield>
   <subfield code="2">czenas</subfield>
  </datafield>
  <datafield tag="655" ind1=" " ind2="9">
   <subfield code="a">bachelor's theses</subfield>
   <subfield code="2">eczenas</subfield>
  </datafield>
  <datafield tag="690" ind1=" " ind2=" ">
   <subfield code="a">AI</subfield>
  </datafield>
  <datafield tag="690" ind1=" " ind2=" ">
   <subfield code="a">rešerše</subfield>
  </datafield>
  <datafield tag="690" ind1=" " ind2=" ">
   <subfield code="a">ChatGPT</subfield>
  </datafield>
  <datafield tag="690" ind1=" " ind2=" ">
   <subfield code="a">informace</subfield>
  </datafield>
  <datafield tag="700" ind1="1" ind2=" ">
   <subfield code="a">Sklenák, Vilém,</subfield>
   <subfield code="d">1963-</subfield>
   <subfield code="7">mzk2004257481</subfield>
   <subfield code="4">ths</subfield>
  </datafield>
  <datafield tag="700" ind1="1" ind2=" ">
   <subfield code="a">Chudán, David</subfield>
   <subfield code="7">js20100609002</subfield>
   <subfield code="4">opn</subfield>
  </datafield>
  <datafield tag="710" ind1="2" ind2=" ">
   <subfield code="a">Vysoká škola ekonomická v Praze.</subfield>
   <subfield code="b">Fakulta informatiky a statistiky</subfield>
   <subfield code="7">kn20010709399</subfield>
   <subfield code="4">dgg</subfield>
  </datafield>
  <datafield tag="856" ind1="4" ind2="0">
   <subfield code="u">https://insis.vse.cz/zp/85933/podrobnosti</subfield>
   <subfield code="y">VŠKP v InSIS</subfield>
  </datafield>
  <datafield tag="856" ind1="4" ind2="0">
   <subfield code="u">https://insis.vse.cz/zp/85933</subfield>
   <subfield code="y">Hlavní práce</subfield>
  </datafield>
  <datafield tag="856" ind1="4" ind2="0">
   <subfield code="u">https://insis.vse.cz/zp/85933/posudek/vedouci</subfield>
   <subfield code="y">Hodnocení vedoucího</subfield>
  </datafield>
  <datafield tag="856" ind1="4" ind2="0">
   <subfield code="u">https://insis.vse.cz/zp/85933/posudek/oponent/81636</subfield>
   <subfield code="y">Oponentura</subfield>
  </datafield>
  <datafield tag="999" ind1="4" ind2="0">
   <subfield code="u">https://insis.vse.cz/zp/85933/podrobnosti</subfield>
   <subfield code="y">dc:identifier</subfield>
  </datafield>
  <datafield tag="993" ind1=" " ind2=" ">
   <subfield code="x">NEPOSILAT</subfield>
   <subfield code="y">VSKP</subfield>
  </datafield>
  <datafield tag="999" ind1="4" ind2="9">
   <subfield code="a">vse85933</subfield>
   <subfield code="b">240611</subfield>
  </datafield>
  <datafield tag="999" ind1="4" ind2="5">
   <subfield code="x">85933</subfield>
  </datafield>
 </record>
</collection>
